[Event "BL 2223 (Women)"]
[Site "Germany"]
[Date "2023.03.12"]
[Round "8.3"]
[White "Fuchs, Judith"]
[Black "Melamed, Tatiana"]
[Result "0-1"]
[WhiteElo "2235"]
[BlackElo "2373"]
[PlyCount "62"]
[EventDate "2022.10.15"]
[EventType "team-tourn"]
[EventRounds "11"]
[EventCountry "GER"]
[SourceTitle "CBM 213 Extra"]
[Source "ChessBase"]
[SourceDate "2023.05.31"]
[SourceVersion "1"]
[SourceVersionDate "2023.05.31"]
[SourceQuality "1"]
[WhiteTeam "Hamburger SK (W)"]
[BlackTeam "Bad Koenigshofen (W)"]
[WhiteTeamCountry "GER"]
[BlackTeamCountry "GER"]

1. b3 e5 2. Bb2 Nc6 3. e3 Nf6 4. c4 d5 5. cxd5 Nxd5 6. a3 Bd6 7. Qc2 0-0 8. Nf3 Qe7 9. d3 f5 10. Nbd2 Kh8 11. b4 a6 12. Be2 Bd7 13. 0-0 Rf6 14. g3 Rg6 15. Kh1 f4 16. e4 fxg3 17. hxg3 Qe6 18. exd5 Qh3+ 19. Kg1 e4 20. Ng5 Rxg5 21. Nxe4 Rxd5 22. Bf3 Bg4 23. Bg2 Qh5 24. Rfe1 Be5 25. Bxe5 Nxe5 26. Nd2 Rxd3 27. Qxc7 Be2 28. g4 Qxg4 29. Qxe5 Rxd2 30. f3 Qh4 31. Bf1 Bb5 0-1

[Event "BL 2223 (Women)"]
[Site "Germany"]
[Date "2023.02.18"]
[Round "5.5"]
[White "Matnadze, Ana"]
[Black "Melamed, Tatiana"]
[Result "1/2-1/2"]
[WhiteElo "2392"]
[BlackElo "2373"]
[PlyCount "77"]
[EventDate "2022.10.15"]
[EventType "team-tourn"]
[EventRounds "11"]
[EventCountry "GER"]
[SourceTitle "CBM 213 Extra"]
[Source "ChessBase"]
[SourceDate "2023.05.31"]
[SourceVersion "1"]
[SourceVersionDate "2023.05.31"]
[SourceQuality "1"]
[WhiteTeam "Schwaebisch Hall (W)"]
[BlackTeam "Bad Koenigshofen (W)"]
[WhiteTeamCountry "GER"]
[BlackTeamCountry "GER"]

1. Nf3 Nf6 2. g3 e6 3. Bg2 d5 4. b3 Be7 5. Bb2 0-0 6. 0-0 c5 7. d3 Nc6 8. Nbd2 d4 9. e4 e5 10. h3 Ne8 11. Nh2 Be6 12. f4 f6 13. a4 a6 14. Nc4 b5 15. axb5 axb5 16. Rxa8 Qxa8 17. Nb6 Qd8 18. Nd5 Nc7 19. Nxe7+ Qxe7 20. Nf3 c4 21. bxc4 bxc4 22. fxe5 fxe5 23. Bc1 h6 24. Nh4 Rxf1+ 25. Qxf1 Qf7 26. Nf5 Nb4 27. dxc4 Bxc4 28. Qd1 Qf6 29. Bd2 Na2 30. Bf1 Bxf1 31. Qxf1 Qe6 32. Qf3 Kh7 33. Qa3 Qc4 34. Qe7 Ne6 35. Bxh6 Qe2 36. Bxg7 Qe1+ 37. Kh2 Qf2+ 38. Kh1 Qf1+ 39. Kh2 1/2-1/2

[Event "GER-ch blitz (Women)"]
[Site "Magdeburg"]
[Date "2022.08.13"]
[Round "20"]
[White "Heil, Marina"]
[Black "Melamed, Tatiana"]
[Result "0-1"]
[WhiteElo "1926"]
[BlackElo "2363"]
[PlyCount "83"]
[EventDate "2022.08.13"]
[EventType "tourn (blitz)"]
[EventRounds "23"]
[EventCountry "GER"]
[SourceTitle "CBM 209 Extra"]
[Source "ChessBase"]
[SourceDate "2022.09.30"]
[SourceVersion "1"]
[SourceVersionDate "2022.09.30"]
[SourceQuality "1"]

1. c4 Nf6 2. Nc3 g6 3. g3 Bg7 4. Bg2 0-0 5. e4 d6 6. d3 c5 7. Nge2 Nc6 8. 0-0 a6 9. h3 Rb8 10. a4 Ne8 11. Kh2 Nc7 12. Be3 Ne6 13. f4 Ned4 14. Nd5 e6 15. Ndc3 f5 16. exf5 gxf5 17. Re1 Kh8 18. Bf2 Bd7 19. Nxd4 Nxd4 20. Ne2 Qf6 21. Nxd4 cxd4 22. b4 Bc6 23. b5 Bxg2 24. Kxg2 e5 25. Qd2 Rfe8 26. Re2 e4 27. Qc2 e3 28. Be1 d5 29. c5 Rbc8 30. Qc1 Qe7 31. Rc2 Rg8 32. Rb1 axb5 33. axb5 Ra8 34. Bb4 Bf6 35. c6 Qg7 36. Be1 bxc6 37. bxc6 Bh4 38. Rb7 Qg6 39. Kh1 Bxg3 40. Rg2 Qh5 41. Rxg3 Rxg3 42. Bxg3 0-1

[Event "GER-ch blitz (Women)"]
[Site "Magdeburg"]
[Date "2022.08.13"]
[Round "17"]
[White "Melamed, Tatiana"]
[Black "Falke, Ornella"]
[Result "1-0"]
[WhiteElo "2363"]
[BlackElo "1912"]
[PlyCount "60"]
[EventDate "2022.08.13"]
[EventType "tourn (blitz)"]
[EventRounds "23"]
[EventCountry "GER"]
[SourceTitle "CBM 209 Extra"]
[Source "ChessBase"]
[SourceDate "2022.09.30"]
[SourceVersion "1"]
[SourceVersionDate "2022.09.30"]
[SourceQuality "1"]

1. e4 c5 2. Nf3 d6 3. c3 Nf6 4. Bc4 e6 5. Qe2 Nc6 6. Bb3 Be7 7. 0-0 0-0 8. d3 Qc7 9. Re1 Re8 10. Bf4 b5 11. Nbd2 a5 12. a4 Ba6 13. axb5 Bxb5 14. Bc4 Bxc4 15. Nxc4 Nd7 16. d4 cxd4 17. cxd4 e5 18. dxe5 dxe5 19. Bg3 Bb4 20. Rec1 Qb7 21. Ne3 Rad8 22. Nd5 Bd6 23. Qc4 Rc8 24. Ng5 h6 25. Nxf7 Kxf7 26. Nb6+ Kf8 27. Nxc8 Rxc8 28. Qe6 Nc5 29. Qxd6+ Qe7 30. Qxc5 Rc7 1-0

[Event "GER-ch blitz (Women)"]
[Site "Magdeburg"]
[Date "2022.08.13"]
[Round "21"]
[White "Melamed, Tatiana"]
[Black "Fock, Sana"]
[Result "1-0"]
[WhiteElo "2363"]
[BlackElo "1681"]
[PlyCount "67"]
[EventDate "2022.08.13"]
[EventType "tourn (blitz)"]
[EventRounds "23"]
[EventCountry "GER"]
[SourceTitle "CBM 209 Extra"]
[Source "ChessBase"]
[SourceDate "2022.09.30"]
[SourceVersion "1"]
[SourceVersionDate "2022.09.30"]
[SourceQuality "1"]

1. e4 c5 2. Nf3 d6 3. c3 Nc6 4. Bc4 e6 5. Qe2 Nf6 6. Bb3 Be7 7. 0-0 0-0 8. d3 Rb8 9. Nbd2 b5 10. Re1 a5 11. a4 b4 12. Bc4 d5 13. Bb5 Bb7 14. e5 Nd7 15. d4 c4 16. Nf1 Qc8 17. Ng3 Nd8 18. Bxd7 Qxd7 19. Bg5 f5 20. exf6 Bxf6 21. Bxf6 Rxf6 22. Ne5 Qc7 23. Nh5 Rf5 24. Qg4 Nc6 25. Nxc6 Bxc6 26. Rxe6 g6 27. Rxg6+ hxg6 28. Qxg6+ Kh8 29. Qxf5 Re8 30. Qf6+ Kg8 31. Qg6+ Kh8 32. Qh6+ Qh7 33. Qxh7+ Kxh7 34. Nf6+ 1-0

[Event "GER-ch blitz (Women)"]
[Site "Magdeburg"]
[Date "2022.08.13"]
[Round "13"]
[White "Melamed, Tatiana"]
[Black "Kunze, Kerstin"]
[Result "1-0"]
[WhiteElo "2363"]
[BlackElo "2020"]
[PlyCount "47"]
[EventDate "2022.08.13"]
[EventType "tourn (blitz)"]
[EventRounds "23"]
[EventCountry "GER"]
[SourceTitle "CBM 209 Extra"]
[Source "ChessBase"]
[SourceDate "2022.09.30"]
[SourceVersion "1"]
[SourceVersionDate "2022.09.30"]
[SourceQuality "1"]

1. e4 e5 2. Nf3 Nc6 3. Bb5 a6 4. Ba4 Nf6 5. 0-0 b5 6. Bb3 Be7 7. d3 0-0 8. a4 Bb7 9. Nbd2 d5 10. Re1 dxe4 11. dxe4 Bc5 12. h3 Qe7 13. Qe2 bxa4 14. Rxa4 Nh5 15. Nf1 Nf4 16. Bxf4 exf4 17. e5 g5 18. N1d2 Nb4 19. Ne4 Bxe4 20. Qxe4 c6 21. Qf5 h6 22. Qg6+ Kh8 23. Qxh6+ Kg8 24. Nxg5 1-0

[Event "GER-ch blitz (Women)"]
[Site "Magdeburg"]
[Date "2022.08.13"]
[Round "5"]
[White "Melamed, Tatiana"]
[Black "Zhou, Lepu Coco"]
[Result "1-0"]
[WhiteElo "2363"]
[BlackElo "1848"]
[PlyCount "61"]
[EventDate "2022.08.13"]
[EventType "tourn (blitz)"]
[EventRounds "23"]
[EventCountry "GER"]
[SourceTitle "CBM 209 Extra"]
[Source "ChessBase"]
[SourceDate "2022.09.30"]
[SourceVersion "1"]
[SourceVersionDate "2022.09.30"]
[SourceQuality "1"]

1. e4 c5 2. Nf3 e6 3. c3 Nf6 4. e5 Nd5 5. Bc4 Nc6 6. 0-0 Nb6 7. Bb3 d5 8. exd6 Bxd6 9. d4 cxd4 10. cxd4 0-0 11. Nc3 Nb4 12. Bg5 Be7 13. Bf4 N4d5 14. Be5 Bf6 15. Ne4 Bxe5 16. dxe5 Bd7 17. Nd6 Bc6 18. Bc2 f6 19. Qd3 g6 20. Nd4 fxe5 21. Nxc6 Qxd6 22. Na5 Qc7 23. Bb3 Rad8 24. Rac1 Qf7 25. Qe4 Qf4 26. Qe2 Nd7 27. Nxb7 Rc8 28. Rxc8 Rxc8 29. Nd6 Rc1 30. g3 Rxf1+ 31. Qxf1 1-0

[Event "GER-ch blitz (Women)"]
[Site "Magdeburg"]
[Date "2022.08.13"]
[Round "22"]
[White "Schuster, Rebekka"]
[Black "Melamed, Tatiana"]
[Result "0-1"]
[WhiteElo "1815"]
[BlackElo "2363"]
[PlyCount "22"]
[EventDate "2022.08.13"]
[EventType "tourn (blitz)"]
[EventRounds "23"]
[EventCountry "GER"]
[SourceTitle "CBM 209 Extra"]
[Source "ChessBase"]
[SourceDate "2022.09.30"]
[SourceVersion "1"]
[SourceVersionDate "2022.09.30"]
[SourceQuality "1"]

1. e4 Nf6 2. Nc3 d6 3. d4 g6 4. f3 Bg7 5. Be3 0-0 6. Qd2 Nbd7 7. 0-0-0 c6 8. h4 Qa5 9. Kb1 h5 10. Be2 b5 11. g4 b4 0-1

[Event "BL 2122 (Women)"]
[Site "Germany"]
[Date "2022.05.25"]
[Round "9.3"]
[White "Melamed, Tatiana"]
[Black "Batsiashvili, Nino"]
[Result "1-0"]
[WhiteElo "2353"]
[BlackElo "2463"]
[PlyCount "101"]
[EventDate "2021.11.27"]
[EventType "team-tourn"]
[EventRounds "11"]
[EventCountry "GER"]
[SourceTitle "EXT 2023"]
[Source "ChessBase"]
[SourceDate "2022.10.05"]
[SourceVersion "1"]
[SourceVersionDate "2022.10.05"]
[SourceQuality "1"]
[WhiteTeam "Bad Koenigshofen (W)"]
[BlackTeam "Schwaebisch Hall (W)"]
[WhiteTeamCountry "GER"]
[BlackTeamCountry "GER"]

1. e4 e5 2. Nf3 Nc6 3. Bb5 a6 4. Ba4 Nf6 5. 0-0 b5 6. Bb3 Bc5 7. a4 Rb8 8. c3 d6 9. d4 Bb6 10. a5 Ba7 11. h3 Bb7 12. Be3 Nxe4 13. Re1 exd4 14. cxd4 d5 15. Nc3 Ne7 16. Nxe4 dxe4 17. Ng5 Bd5 18. Nxe4 0-0 19. Bg5 f6 20. Bf4 Bxb3 21. Qxb3+ Qd5 22. Qf3 Rbc8 23. Rad1 Kh8 24. Nd6 cxd6 25. Rxe7 Qxf3 26. gxf3 Bb8 27. Rde1 Rc4 28. Rf7 Kg8 29. Rd7 Rc7 30. Rxc7 Bxc7 31. b4 g5 32. Rc1 Bb8 33. Be3 f5 34. Rc6 f4 35. Bd2 Kf7 36. Rxa6 d5 37. Rb6 Rc8 38. Rxb5 Ke6 39. Rb6+ Kd7 40. b5 Bd6 41. a6 Rc7 42. Kf1 Ra7 43. Ke2 h5 44. Kd3 Kc7 45. Ba5 Kd7 46. Rc6 Ra8 47. Bb6 Rb8 48. Bc5 Bc7 49. a7 Ra8 50. Rg6 Kc8 51. b6 1-0

[Event "BL2-Nord 2122"]
[Site "Germany"]
[Date "2022.03.06"]
[Round "2.5"]
[White "Melamed, Tatiana"]
[Black "Sawatzki, Frank"]
[Result "1-0"]
[WhiteElo "2334"]
[BlackElo "2378"]
[PlyCount "59"]
[EventDate "2022.03.05"]
[EventType "team-tourn"]
[EventRounds "10"]
[EventCountry "GER"]
[SourceTitle "EXT 2023"]
[Source "ChessBase"]
[SourceDate "2022.10.05"]
[SourceVersion "1"]
[SourceVersionDate "2022.10.05"]
[SourceQuality "1"]
[WhiteTeam "Magdeburg"]
[BlackTeam "St Pauli"]
[WhiteTeamCountry "GER"]
[BlackTeamCountry "GER"]

1. e4 c5 2. c3 Nf6 3. e5 Nd5 4. d4 cxd4 5. cxd4 d6 6. Nf3 Nc6 7. Bc4 Nb6 8. Bb5 dxe5 9. Nxe5 Bd7 10. Nxd7 Qxd7 11. Nc3 e6 12. 0-0 Be7 13. Qg4 0-0 14. Bxc6 bxc6 15. Bh6 Bf6 16. Rfd1 Rfd8 17. Ne4 Qe7 18. Rac1 Rac8 19. h4 Rd5 20. Rc3 Bxd4 21. Rxd4 f5 22. Qd1 fxe4 23. Rg3 g6 24. Rg4 c5 25. Rd2 Rcd8 26. Qe2 Qd6 27. Qxe4 Rxd2 28. Rxg6+ Kf7 29. Rg7+ Ke8 30. Rg8+ 1-0

[Event "BL2-Nord 2122"]
[Site "Germany"]
[Date "2022.03.05"]
[Round "1.5"]
[White "Breutigam, Martin"]
[Black "Melamed, Tatiana"]
[Result "1/2-1/2"]
[WhiteElo "2380"]
[BlackElo "2334"]
[PlyCount "143"]
[EventDate "2022.03.05"]
[EventType "team-tourn"]
[EventRounds "10"]
[EventCountry "GER"]
[SourceTitle "EXT 2023"]
[Source "ChessBase"]
[SourceDate "2022.10.05"]
[SourceVersion "1"]
[SourceVersionDate "2022.10.05"]
[SourceQuality "1"]
[WhiteTeam "Werder Bremen II"]
[BlackTeam "Magdeburg"]
[WhiteTeamCountry "GER"]
[BlackTeamCountry "GER"]

1. e4 c5 2. c3 Nf6 3. e5 Nd5 4. Nf3 d6 5. Bc4 e6 6. d4 cxd4 7. cxd4 Nc6 8. 0-0 Be7 9. Bd2 0-0 10. Nc3 Nxc3 11. Bxc3 dxe5 12. dxe5 Qxd1 13. Rfxd1 Rd8 14. Rxd8+ Bxd8 15. Rd1 Bc7 16. h4 h6 17. Bb5 Kf8 18. h5 Rb8 19. a3 Ke7 20. Bxc6 bxc6 21. Bb4+ Ke8 22. Rd2 Rb5 23. Rc2 Bxe5 24. Rxc6 Kd7 25. Nxe5+ Rxe5 26. Rc5 Rxc5 27. Bxc5 a6 28. Bf8 g6 29. hxg6 fxg6 30. Bxh6 Bb7 31. Kh2 Be4 32. Kh3 Kc6 33. g3 Bf3 34. Kh4 Kc5 35. Kg5 Be4 36. Kf6 Kd6 37. Bd2 Bc2 38. Be3 Kd7 39. Ke5 Bb3 40. Bd2 Ke7 41. Bb4+ Kd7 42. Kf6 Bc2 43. Bf8 Ke8 44. Bc5 Kd7 45. b4 Bf5 46. Be3 Bc2 47. Bf4 Bf5 48. Ke5 Bc2 49. Kf6 Bf5 50. a4 Kc6 51. Ke5 Bg4 52. Bd2 Bh3 53. Bg5 Bg4 54. Bd2 Bh3 55. Kf6 Bf5 56. Kf7 Kd7 57. Bg5 Kc6 58. Kf6 Kb6 59. f3 Kc6 60. Bd2 Kb6 61. Ke5 Kc6 62. Be3 Bc2 63. Kxe6 Bxa4 64. Bg5 Kb5 65. Bd2 Bc2 66. Kf6 Bd3 67. f4 Bc2 68. g4 Bd1 69. Kxg6 Bxg4 70. f5 Bxf5+ 71. Kxf5 a5 72. bxa5 1/2-1/2

[Event "EU-Cup Online Gr-C (Women)"]
[Site "Tornelo INT"]
[Date "2020.12.20"]
[Round "4.4"]
[White "Melamed, Tatiana"]
[Black "Gara, Ticia"]
[Result "1/2-1/2"]
[WhiteElo "2336"]
[BlackElo "2383"]
[PlyCount "102"]
[EventDate "2020.12.19"]
[EventType "team-tourn (rapid)"]
[EventRounds "7"]
[EventCountry "ISS"]
[SourceTitle "CBM 199 Extra"]
[Source "ChessBase"]
[SourceDate "2021.01.31"]
[SourceVersion "1"]
[SourceVersionDate "2021.01.31"]
[SourceQuality "1"]
[WhiteTeam "Bad Koenigshofen (W)"]
[BlackTeam "Hello Sakk (W)"]
[WhiteTeamCountry "GER"]
[BlackTeamCountry "HUN"]

1. e4 c6 2. d4 d5 3. Nd2 dxe4 4. Nxe4 Nf6 5. Nxf6+ exf6 6. c3 Bd6 7. Bd3 0-0 8. Qc2 Re8+ 9. Ne2 h5 10. 0-0 h4 11. h3 Nd7 12. Be3 Nf8 13. Rad1 Be6 14. c4 Rc8 15. Bf4 Bxf4 16. Nxf4 Qd6 17. Ne2 Rcd8 18. Rfe1 g6 19. Nc3 f5 20. d5 cxd5 21. cxd5 Bd7 22. Qb3 b6 23. Qc4 Qf6 24. Qf4 g5 25. Qf3 Kg7 26. d6 Rxe1+ 27. Rxe1 Qxd6 28. Bxf5 Bxf5 29. Qxf5 Qf6 30. Qg4 Ne6 31. Ne4 Qg6 32. Qf3 Nd4 33. Qc3 Kh6 34. Qc7 Re8 35. f3 f5 36. Qd7 fxe4 37. Qxd4 exf3 38. Rxe8 Qxe8 39. Qf6+ Kh7 40. Qxf3 Qe1+ 41. Qf1 Qe3+ 42. Kh1 Kg6 43. Qd1 Kf5 44. Qd5+ Kf4 45. Qd6+ Ke4 46. Qe7+ Kd3 47. Qxa7 Qe1+ 48. Kh2 Qe5+ 49. Kh1 Qe1+ 50. Kh2 Qg3+ 51. Kh1 Qe1+ 1/2-1/2

[Event "Online Olym Div Top-A"]
[Site "Chess.com INT"]
[Date "2020.08.23"]
[Round "9.3"]
[White "Kurbonboeva, Sarvinoz"]
[Black "Melamed, Tatiana"]
[Result "1-0"]
[WhiteElo "2234"]
[BlackElo "2336"]
[PlyCount "85"]
[EventDate "2020.08.21"]
[EventType "tourn (rapid)"]
[EventRounds "9"]
[EventCountry "USA"]
[SourceTitle "CBM 198"]
[Source "ChessBase"]
[SourceDate "2020.10.31"]
[SourceVersion "1"]
[SourceVersionDate "2020.10.31"]
[SourceQuality "1"]
[WhiteTeam "Uzbekistan"]
[BlackTeam "Germany"]
[WhiteTeamCountry "UZB"]
[BlackTeamCountry "GER"]

1. d4 Nf6 2. c4 g6 3. Nc3 Bg7 4. e4 d6 5. h3 0-0 6. Bg5 c5 7. d5 a6 8. a4 e6 9. Bd3 exd5 10. cxd5 Nbd7 11. Nf3 Re8 12. 0-0 Ne5 13. Nxe5 dxe5 14. a5 Qd6 15. Na4 c4 16. Bxf6 Qxf6 17. Bxc4 Qg5 18. Qf3 f5 19. Nb6 fxe4 20. Qxe4 Bf5 21. h4 Qh5 22. d6+ Kh8 23. Qxb7 Rab8 24. d7 Red8 25. Qc7 Qxh4 26. Bxa6 Qg5 27. Bc8 Bh3 28. g3 Qf6 29. Kh2 Bxf1 30. Rxf1 e4 31. Qxb8 e3 32. Qf4 e2 33. Re1 Qxb2 34. Qe4 Bf6 35. Rxe2 Qb5 36. Bb7 Qxa5 37. Qe8+ Kg7 38. Re7+ Kh6 39. Qxd8 Qh5+ 40. Kg2 Qc5 41. Qf8+ Kg5 42. Re5+ Qxe5 43. f4+ 1-0

[Event "BL2-Nord 1920"]
[Site "Germany"]
[Date "2020.02.08"]
[Round "7.7"]
[White "Melamed, Tatiana"]
[Black "Perez de Miguel, Alvaro"]
[Result "1/2-1/2"]
[WhiteElo "2356"]
[BlackElo "2290"]
[PlyCount "65"]
[EventDate "2019.10.19"]
[EventType "team-tourn"]
[EventRounds "9"]
[EventCountry "GER"]
[SourceTitle "CBM 194 Extra"]
[Source "ChessBase"]
[SourceDate "2020.03.31"]
[SourceVersion "1"]
[SourceVersionDate "2020.03.31"]
[SourceQuality "1"]
[WhiteTeam "Magdeburg"]
[BlackTeam "St Pauli"]
[WhiteTeamCountry "GER"]
[BlackTeamCountry "GER"]

1. e4 c6 2. d4 d5 3. Nd2 dxe4 4. Nxe4 Nf6 5. Nxf6+ exf6 6. c3 Bd6 7. Bd3 0-0 8. Qc2 Re8+ 9. Ne2 h5 10. 0-0 h4 11. h3 Nd7 12. Be3 Nf8 13. Rad1 Ne6 14. f4 Nc7 15. Rf3 Nd5 16. Bf2 f5 17. c4 Nb4 18. Qd2 Be6 19. d5 cxd5 20. Bb1 Bf8 21. a3 Nc6 22. cxd5 Qxd5 23. Qxd5 Bxd5 24. Rxd5 Rxe2 25. Rb3 b6 26. Bd3 Rd2 27. Rc3 Ne7 28. Rd7 Ng6 29. Bxf5 Rxd7 30. Bxd7 Nxf4 31. Kf1 Be7 32. Bc8 Bc5 33. Bb7 1/2-1/2

[Event "BL2-Nord 1920"]
[Site "Germany"]
[Date "2019.10.20"]
[Round "2.6"]
[White "Florstedt, Johannes"]
[Black "Melamed, Tatiana"]
[Result "0-1"]
[WhiteElo "2355"]
[BlackElo "2356"]
[PlyCount "60"]
[EventDate "2019.10.19"]
[EventType "team-tourn"]
[EventRounds "9"]
[EventCountry "GER"]
[SourceTitle "CBM 194 Extra"]
[Source "ChessBase"]
[SourceDate "2020.03.31"]
[SourceVersion "1"]
[SourceVersionDate "2020.03.31"]
[SourceQuality "1"]
[WhiteTeam "Berlin SF II"]
[BlackTeam "Magdeburg"]
[WhiteTeamCountry "GER"]
[BlackTeamCountry "GER"]

1. e4 c5 2. Nf3 e6 3. g3 Nc6 4. Bg2 Nf6 5. Nc3 d6 6. 0-0 Be7 7. d4 cxd4 8. Nxd4 Nxd4 9. Qxd4 0-0 10. e5 dxe5 11. Qxe5 Qb6 12. Be3 Qxb2 13. Rab1 Qxc2 14. Rfc1 Qg6 15. h3 Rd8 16. Nb5 Nd5 17. Bxa7 Bf6 18. Qe1 Bd7 19. Bd4 Bc6 20. a3 Nf4 21. Bxc6 bxc6 22. Bxf6 Nd3 23. Qe3 Nxc1 24. Rxc1 Qxf6 25. Rxc6 Qf5 26. Nd6 Qd5 27. Qb6 Rab8 28. Nb7 h6 29. Rc7 Rd7 30. Qa7 Rxb7 0-1

[Event "BL 1819 (Women)"]
[Site "Germany"]
[Date "2019.01.13"]
[Round "6.3"]
[White "Melamed, Tatiana"]
[Black "Majdan, Joanna"]
[Result "1/2-1/2"]
[WhiteElo "2381"]
[BlackElo "2380"]
[PlyCount "54"]
[EventDate "2018.10.27"]
[EventType "team-tourn"]
[EventRounds "11"]
[EventCountry "GER"]
[SourceTitle "CBM 188 Extra"]
[Source "ChessBase"]
[SourceDate "2019.02.26"]
[SourceVersion "1"]
[SourceVersionDate "2019.02.26"]
[SourceQuality "1"]
[WhiteTeam "Bad Koenigshofen (W)"]
[BlackTeam "Rodewisch (W)"]
[WhiteTeamCountry "GER"]
[BlackTeamCountry "GER"]

1. e4 d6 2. d4 Nf6 3. Nc3 e5 4. Nf3 Nbd7 5. Bc4 Be7 6. 0-0 0-0 7. Re1 c6 8. a4 a5 9. h3 Nb6 10. Bf1 exd4 11. Nxd4 d5 12. e5 Ne8 13. Bd3 g6 14. Bh6 Ng7 15. Qf3 f6 16. e6 f5 17. Rad1 Bc5 18. Bxg7 Kxg7 19. Nce2 Qf6 20. Qf4 Re8 21. Nb3 Be7 22. Ng3 Kh8 23. c3 Qh4 24. Qe5+ Qf6 25. Qf4 Qh4 26. Qe5+ Qf6 27. Qf4 Kg8 1/2-1/2

[Event "Oberliga Ost-A 1819"]
[Site "Germany"]
[Date "2018.12.16"]
[Round "5.3"]
[White "Melamed, Tatiana"]
[Black "Hartge, Gedeon"]
[Result "1/2-1/2"]
[WhiteElo "2381"]
[BlackElo "2214"]
[PlyCount "93"]
[EventDate "2018.10.21"]
[EventType "team-tourn"]
[EventRounds "11"]
[EventCountry "GER"]
[SourceTitle "EXT 2020"]
[Source "ChessBase"]
[SourceDate "2019.10.17"]
[SourceVersion "1"]
[SourceVersionDate "2019.10.17"]
[SourceQuality "1"]
[WhiteTeam "Magdeburg Aufbau Elbe"]
[BlackTeam "Halle USV"]
[WhiteTeamCountry "GER"]
[BlackTeamCountry "GER"]

1. e4 c5 2. Nf3 e6 3. g3 Nc6 4. Bg2 d6 5. 0-0 Nf6 6. Re1 Be7 7. c3 0-0 8. d4 cxd4 9. cxd4 d5 10. e5 Ne4 11. Nbd2 Nxd2 12. Bxd2 b5 13. h4 Qb6 14. Bg5 Bd7 15. Bxe7 Nxe7 16. Qd3 b4 17. Bf1 h6 18. Rac1 Rfc8 19. Qa6 Rab8 20. Kg2 Kf8 21. h5 Qxa6 22. Bxa6 Rxc1 23. Rxc1 Rb6 24. Bd3 Rc6 25. Rxc6 Nxc6 26. g4 a5 27. Kf1 Na7 28. Ke2 Ke7 29. Nd2 Ba4 30. f4 Nc8 31. Nf3 Nb6 32. g5 Be8 33. b3 Kf8 34. Ke3 Nc8 35. Nh2 f5 36. gxf6 Bxh5 37. fxg7+ Kxg7 38. f5 exf5 39. Bxf5 Ne7 40. Bd3 Kf7 41. Nf3 Bg6 42. Nh4 Bxd3 43. Kxd3 Ke6 44. Ke3 Nc6 45. Kd3 Ne7 46. Ke3 Nc6 47. Kd3 1/2-1/2

[Event "BL 1819 (Women)"]
[Site "Germany"]
[Date "2018.11.18"]
[Round "4.4"]
[White "Melamed, Tatiana"]
[Black "Osmanodja, Filiz"]
[Result "1-0"]
[WhiteElo "2381"]
[BlackElo "2348"]
[PlyCount "143"]
[EventDate "2018.10.27"]
[EventType "team-tourn"]
[EventRounds "11"]
[EventCountry "GER"]
[SourceTitle "CBM 188 Extra"]
[Source "ChessBase"]
[SourceDate "2019.02.26"]
[SourceVersion "1"]
[SourceVersionDate "2019.02.26"]
[SourceQuality "1"]
[WhiteTeam "Bad Koenigshofen (W)"]
[BlackTeam "Hamburger SK (W)"]
[WhiteTeamCountry "GER"]
[BlackTeamCountry "GER"]

1. e4 e5 2. Nf3 Nc6 3. Bb5 a6 4. Ba4 Nf6 5. 0-0 b5 6. Bb3 Be7 7. Re1 d6 8. c3 0-0 9. h3 Nb8 10. d4 Nbd7 11. c4 c6 12. Nc3 b4 13. Ne2 Nxe4 14. Qc2 Ng5 15. Bxg5 Bxg5 16. c5 dxc5 17. dxe5 Be7 18. Rad1 Qc7 19. e6 fxe6 20. Ned4 Nb6 21. Rxe6 Kh8 22. Rxc6 Qb7 23. Ne5 cxd4 24. Rc7 Bf5 25. Rxb7 Bxc2 26. Bxc2 Bf6 27. Nf7+ Kg8 28. Bb3 Rfb8 29. Rc7 a5 30. Re1 Rf8 31. Rb7 a4 32. Be6 Rfb8 33. Ne5+ Kh8 34. Rxb8+ Rxb8 35. Nc6 Re8 36. Nxb4 Nc4 37. Nd3 Nb6 38. Kf1 g6 39. Bf7 Rxe1+ 40. Kxe1 Kg7 41. Be8 Be7 42. a3 Kf6 43. Ke2 Ke6 44. Kf3 Kd5 45. Bf7+ Kd6 46. Ke4 Bf6 47. Be8 Bg7 48. f4 Nc4 49. Kf3 Nb6 50. g4 Bf6 51. g5 Bg7 52. h4 Ke7 53. Bb5 Kd6 54. Ke4 Bh8 55. Ne5 Bg7 56. Bc4 Nxc4 57. Nxc4+ Kc5 58. Kd3 Bh8 59. Ne5 Kd5 60. Nd7 Ke6 61. Nc5+ Kf5 62. Nxa4 Kxf4 63. Nc5 Kg4 64. a4 Be5 65. Nd7 Bc7 66. Nf6+ Kxh4 67. Nxh7 Bb6 68. b4 Kg4 69. a5 Ba7 70. b5 Bc5 71. Nf6+ Kf5 72. Ne4 1-0

[Event "Oberliga Ost-A 1819"]
[Site "Germany"]
[Date "2018.11.11"]
[Round "3.3"]
[White "Wong, Gengchun"]
[Black "Melamed, Tatiana"]
[Result "1/2-1/2"]
[WhiteElo "2194"]
[BlackElo "2381"]
[PlyCount "123"]
[EventDate "2018.10.21"]
[EventType "team-tourn"]
[EventRounds "11"]
[EventCountry "GER"]
[SourceTitle "EXT 2020"]
[Source "ChessBase"]
[SourceDate "2019.10.17"]
[SourceVersion "1"]
[SourceVersionDate "2019.10.17"]
[SourceQuality "1"]
[WhiteTeam "Dresden USV TU II"]
[BlackTeam "Magdeburg Aufbau Elbe"]
[WhiteTeamCountry "GER"]
[BlackTeamCountry "GER"]

1. e4 c5 2. Nf3 e6 3. d4 cxd4 4. Nxd4 Nc6 5. Nb5 d6 6. Bf4 e5 7. Be3 Be7 8. N1c3 a6 9. Nd5 axb5 10. Bb6 Qd7 11. Nc7+ Kf8 12. Nxa8 Nf6 13. f3 d5 14. exd5 Nxd5 15. c3 Qd6 16. Bf2 Bf5 17. Bxb5 Ncb4 18. 0-0 Nc2 19. Qd2 Nxa1 20. Rxa1 Nf4 21. Rd1 Qxd2 22. Rxd2 g5 23. Nb6 Kg7 24. Be3 h5 25. Nd5 Nxd5 26. Rxd5 f6 27. Bd3 Bc8 28. a4 g4 29. Be2 Kf7 30. a5 Ke6 31. Rb5 Kf7 32. b4 Rd8 33. Bc4+ Ke8 34. Rd5 Rxd5 35. Bxd5 f5 36. b5 Ba3 37. Kf2 Kd7 38. Bf7 h4 39. fxg4 fxg4 40. Bd5 Kd6 41. Be4 Bb2 42. c4 Bc3 43. Bb6 Bb4 44. Ke2 Bc5 45. Bxc5+ Kxc5 46. Bd5 Kb4 47. a6 bxa6 48. b6 a5 49. b7 Bxb7 50. Bxb7 a4 51. c5 a3 52. Bd5 Kxc5 53. Ba2 Kd4 54. Bf7 e4 55. Ba2 e3 56. Bb1 Kc3 57. Ba2 Kd4 58. Bf7 Ke4 59. Bg6+ Ke5 60. Bb1 Kd4 61. Kd1 Kc3 62. Ba2 1/2-1/2